00397 a2200145 4500003000400000005001700004008004100021020001800062040000900080082002000089100001700109245006700126260004400193300001400237OSt20221031161137.0221031b ||||| |||| 00| 0 eng d a9788120731189 coclc a338.4791bBHA/B aBhatia, A K aThe business of tourism :bconcepts and statergiescA K Bhatia aNew Delhi:bSterling publishers,c2007. a435 pages